Análisis estructural

-д хадгалсан:
Номзүйн дэлгэрэнгүй
Үндсэн зохиолч: Hibbeler, Russell C. (Зохиогч)
Формат: Ном
Хэл сонгох:испани
Хэвлэсэн: Cuernavaca, México Pearson Educación 2012
Хэвлэл:Octava edición
Нөхцлүүд:
Онлайн хандалт:Disponible Online
Шошгууд: Шошго нэмэх
Шошго байхгүй, Энэхүү баримтыг шошголох эхний хүн болох!

MARC

LEADER 00000cam a2200000 a 4500
001 UCF6701
003 CL-VaPUC
005 20231128150835.0
008 130516e20120000MX |||||||||||||||||spa|d
999 |c 351840  |d 351838 
020 |a 9786073210621 
040 |c Pontificia Universidad Católica de Valparaíso 
082 0 4 |a 624.171 HIB 2012  |2 21 
100 |a Hibbeler, Russell C.  |e author  |9 591026 
245 1 0 |a Análisis estructural 
250 |a Octava edición  
260 |a Cuernavaca, México   |b Pearson Educación  |c 2012 
300 |a 695 páginas  
583 |a last modification  |c 20130516 09:57:00  |k Rodrigo Vera 
650 0 |a Análisis estructural   |9 260661 
650 0 |a Ingeniería de estructuras  |2 CL-VaPUC  |9 262550 
650 0 |a Cables   |2 CL-VaPUC  |9 431289 
650 0 |a Deflexiones   |2 CL-VaPUC  |9 431290 
650 0 |a Análisis de vigas   |2 CL-VaPUC  |9 431291 
650 0 |a Álgebra   |x Matrices  |9 369268 
856 |u http://bibliografiadigital.pucv.cl.pucv.idm.oclc.org/index.php/bibliotecapucv/catalog/book/432  |y Disponible Online  
942 |c BK  |2 ddc 
945 |d 20130516 00:00:00  |a dcastane 
952 |0 0  |1 0  |4 0  |6 624_171000000000000_HIB_2012  |7 0  |8 R  |9 456203  |a BIBMEC  |b BIBMEC  |d 2019-11-22  |i 4974115  |o 624.171 HIB 2012  |p 4974115  |r 2024-01-19  |w 2019-11-22  |y BK_R  |k MEC 
952 |0 0  |1 0  |4 0  |6 624_171000000000000_HIB_2012  |7 0  |8 R  |9 456204  |a BIBMEC  |b BIBMEC  |d 2019-11-22  |i 4974123  |o 624.171 HIB 2012  |p 4974123  |r 2024-01-19  |w 2019-11-22  |y BK_R  |k MEC 
952 |0 0  |1 0  |4 0  |6 624_171000000000000_HIB_2012  |7 0  |8 R  |9 456205  |a BIBMEC  |b BIBMEC  |d 2019-11-22  |i 4974131  |o 624.171 HIB 2012  |p 4974131  |r 2024-01-19  |w 2019-11-22  |y BK_R  |k MEC 
952 |0 0  |1 0  |4 0  |6 624_171000000000000_HIB_2012  |7 0  |8 R  |9 456206  |a BIBMEC  |b BIBMEC  |d 2019-11-22  |i 497414K  |l 1  |o 624.171 HIB 2012  |p 497414K  |r 2024-04-17  |s 2024-04-15  |w 2019-11-22  |y BK_R  |k MEC 
952 |0 0  |1 0  |4 0  |6 624_171000000000000_HIB_2012  |7 0  |8 R  |9 456207  |a BIBMEC  |b BIBMEC  |d 2019-11-22  |i 4974158  |l 2  |o 624.171 HIB 2012  |p 4974158  |r 2024-01-19  |s 2023-10-17  |w 2019-11-22  |y BK_R  |k MEC 
952 |0 0  |1 0  |4 0  |6 624_171000000000000_HIB_2012  |7 0  |8 R  |9 456208  |a BIBMEC  |b BIBMEC  |d 2019-11-22  |i 4974166  |o 624.171 HIB 2012  |p 4974166  |r 2019-11-22  |w 2019-11-22  |y BK_R  |k MEC 
952 |0 0  |1 0  |2 ddc  |3 erb  |4 0  |6 624_171000000000000_HIB_2012  |7 0  |8 A  |9 456209  |a BIBING  |b BIBING  |c RES  |i 5046165  |l 24  |m 6  |o 624.171 HIB 2012  |p 5046165  |r 2025-04-10  |s 2025-04-07  |w 2019-11-22  |y BK  |z Catalogado en:20140109  |k CCL 
952 |0 0  |1 0  |2 ddc  |3 erb  |4 0  |6 624_171000000000000_HIB_2012  |7 0  |8 A  |9 456210  |a BIBING  |b BIBING  |c RES  |i 5046173  |l 25  |m 6  |o 624.171 HIB 2012  |p 5046173  |r 2025-04-16  |s 2025-04-09  |w 2019-11-22  |y BK  |z Catalogado en:20140109  |k CCL 
952 |0 0  |1 0  |2 ddc  |3 erb  |4 0  |6 624_171000000000000_HIB_2012  |7 0  |8 A  |9 456211  |a BIBING  |b BIBING  |c RES  |i 5046181  |l 19  |m 10  |o 624.171 HIB 2012  |p 5046181  |r 2025-04-15  |s 2025-04-09  |w 2019-11-22  |y BK  |z Catalogado en:20140109  |k CCL 
952 |0 0  |1 0  |2 ddc  |3 erb  |4 0  |6 624_171000000000000_HIB_2012  |7 0  |8 A  |9 456212  |a BIBING  |b BIBING  |c RES  |i 504619K  |l 19  |m 1  |o 624.171 HIB 2012  |p 504619K  |r 2025-04-11  |s 2025-04-04  |w 2019-11-22  |y BK  |z Catalogado en:20140109  |k CCL 
952 |0 0  |1 0  |2 ddc  |3 erb  |4 0  |6 624_171000000000000_HIB_2012  |7 0  |8 A  |9 456213  |a BIBING  |b BIBING  |c RES  |i 5046203  |l 26  |m 7  |o 624.171 HIB 2012  |p 5046203  |q 2025-05-14  |r 2025-05-07  |s 2025-05-07  |w 2019-11-22  |y BK  |z Catalogado en:20140109  |k CCL